00451cam a22001337a 4500008004000000082001400040100002600054245006900080260004500149300000900194440003600203650006000239650001800299180718b1959 xxu||||| |||| 00| 0 eng d aQ43 H363m aHeilbroner, Robert L. aManking's children: the story of UNICEFcby Robert L. Heilbroner aNew YorkbPublic Affairs Committeec1959 a20p. aPublic Affairs Pamphlet, No.279 aUnited National International Children's Emergency Fund aChild Welfare